Statistics for Find the Countries #2

Click here to take the quiz!

General Stats

  • This quiz has been taken 162 times
    (84 since last reset)
  • The average score is 28 of 45

Answer Stats

Answer % Correct
India
85%
France
84%
Poland
82%
Qatar
81%
Yemen
79%
Latvia
78%
Syria
78%
Bulgaria
78%
Armenia
76%
Romania
75%
Malawi
75%
Botswana
74%
Zambia
72%
Canada
72%
Chad
72%
Benin
71%
Iran
69%
Sweden
66%
Germany
65%
Oman
65%
Eritrea
65%
Rwanda
65%
Algeria
65%
Iraq
63%
Uganda
63%
Mali
62%
Singapore
62%
Guinea
59%
Tanzania
59%
Bhutan
57%
Iceland
57%
Bolivia
56%
Niger
56%
Hungary
54%
Cuba
53%
Nigeria
50%
Zimbabwe
50%
Tonga
50%
Portugal
47%
Papua New Guinea
46%
Colombia
43%
Bahamas
38%
Taiwan
38%
Grenada
35%
Cambodia
16%

Score Distribution

Percentile by Number Answered

Percent of People with Each Score

Your Score History

You have not taken this quiz since the last reset